Epistemología e historia de la ciencia : selección de trabajos de las xx jornadas, volumen 16 (2010) /
Guardado en:
| Otros Autores: | , |
|---|---|
| Formato: | Libro |
| Publicado: |
Córdoba :
Universidad Nacional de Córdoba,
2010
|
| Materias: | |
| Etiquetas: |
Agregar Etiqueta
Sin Etiquetas, Sea el primero en etiquetar este registro!
|
| LEADER | 00777nam a22002175a 4500 | ||
|---|---|---|---|
| 001 | EHU.bham045652 | ||
| 003 | AR-BHAM | ||
| 005 | 20190704120302.0 | ||
| 008 | 130507s2010##################000#0#####d | ||
| 020 | |a 9789503308165 | ||
| 082 | 5 | 0 | |a 509 |
| 245 | 0 | 0 | |a Epistemología e historia de la ciencia : |b selección de trabajos de las xx jornadas, volumen 16 (2010) / |c Ed. Por Pío García, Alba Massolo |
| 260 | |a Córdoba : |b Universidad Nacional de Córdoba, |c 2010 | ||
| 300 | |a 682 p. | ||
| 653 | |a Ciencia-historia de la | ||
| 653 | |a Ciencia-epistemología de la | ||
| 653 | |a Jornadas científicas | ||
| 653 | |a Ciencia-filosofía de la | ||
| 700 | 1 | |a García, Pío, ed. | |
| 700 | 1 | |a Massolo, Alba, ed. | |
| 859 | |a AR-BHAM |b BIB. HUMANIDADES - General |h 509 |i Ep46 |p 3788.19 |t Ej.1 |v XVI |3 XVI | ||
